Técnicas creativas y lenguaje total

Gespeichert in:
Bibliographische Detailangaben
1. Verfasser: Prado Díez, David de (VerfasserIn)
Format: Buch
Sprache:Spanisch
Veröffentlicht: Madrid Narcea 1988
Schriftenreihe:Colección Primeros Años
Schlagworte:
Tags: Tag hinzufügen
Keine Tags, Fügen Sie den ersten Tag hinzu!

MARC

LEADER 00000nam a2200000 a 4500
001 UCW5823
003 CL-VaPUC
008 910812e19880000SP |||||||||||||||||spa|d
082 0 4 |a 372.21  |b PRA  |2 21 
100 0 |a Prado Díez, David de  |e author  |9 310855 
245 1 0 |a Técnicas creativas y lenguaje total 
300 |a 223 p 
942 |c BK 
945 |d 19910812 00:00:00 
260 |a Madrid  |b Narcea  |c 1988 
650 0 |a Educación preescolar  |9 260381 
650 0 |a Aptitud creadora  |9 307292 
650 7 |a LENGUAJE DE LOS NIÑOS  |2 CL-VaPUC  |9 307440 
583 |a last modification  |c 19910812 00:00:00  |k Rodrigo Vera 
490 0 |a Colección Primeros Años 
999 |c 219143  |d 219141 
952 |0 0  |1 0  |4 0  |6 372_210000000000000_PRA_1988  |7 0  |8 A  |9 209698  |a BIBEDU  |b BIBEDU  |c ES_NOD  |d 2019-11-15  |i 2775875  |o 372.21 PRA 1988  |p 2775875  |r 2023-08-09  |w 2019-11-15  |y BK  |k EDU 
952 |0 0  |1 0  |4 0  |6 372_210000000000000_PRA_1988  |7 0  |8 A  |9 209699  |a BIBEDU  |b BIBEDU  |c ES_NOD  |d 2019-11-15  |i 3247813  |o 372.21 PRA 1988  |p 3247813  |r 2023-08-09  |w 2019-11-15  |y BK  |k EDU